RANGAKARMI B V Karanth. (Record no. 106334)

MARC details
000 -LEADER
fixed length control field 00945nam a2200217Ia 4500
003 - CONTROL NUMBER IDENTIFIER
control field OSt
005 - DATE AND TIME OF LATEST TRANSACTION
control field 20260623093736.0
008 - FIXED-LENGTH DATA ELEMENTS--GENERAL INFORMATION
fixed length control field 210210b2004 xxu||||| |||| 00| 0 eng d
020 ## - INTERNATIONAL STANDARD BOOK NUMBER
International Standard Book Number 81 88478 09 01
040 ## - CATALOGING SOURCE
Transcribing agency AL
041 ## - LANGUAGE CODE
Language code of text/sound track or separate title Kannada
082 ## - DEWEY DECIMAL CLASSIFICATION NUMBER
Classification number 792.028092K RANG
100 ## - MAIN ENTRY--PERSONAL NAME
Personal name Manohara Grantha Mala
Dates associated with a name ಮನೋಹರ ಗ್ರಂಥ ಮಾಲಾ
9 (RLIN) 265897
245 ## - TITLE STATEMENT
Title RANGAKARMI B V Karanth.
Remainder of title ರಂಗಕರ್ಮಿ ಬಿ.ವಿ. ಕಾರಂತ
260 ## - PUBLICATION, DISTRIBUTION, ETC.
Place of publication, distribution, etc. Dharwad
Name of publisher, distributor, etc. Manohara Grantha Mala
Date of publication, distribution, etc. 2004
300 ## - PHYSICAL DESCRIPTION
Extent vi,182
650 ## - SUBJECT ADDED ENTRY--TOPICAL TERM
Topical term or geographic name entry element ಭಾರತೀಯ ರಂಗಭೂಮಿ ಮತ್ತು ಸಿನಿಮಾ ರಂಗದಲ್ಲಿ ಹೊಸ ಅಲೆಯನ್ನು ಸೃಷ್ಟಿಸಿದ ಬಿ.ವಿ. ಕಾರಂತ (ಬಾಬುಕೋಡಿ ವೆಂಕಟರಮಣ ಕಾರಂತ)ರ ಜೀವನ ಮತ್ತು ಸಾಧನೆ.
9 (RLIN) 265898
690 ## - LOCAL SUBJECT ADDED ENTRY--TOPICAL TERM (OCLC, RLIN)
Topical term or geographic name as entry element Biography
9 (RLIN) 265899
906 ## - LOCAL DATA ELEMENT F, LDF (RLIN)
a 059010
942 ## - ADDED ENTRY ELEMENTS (KOHA)
Source of classification or shelving scheme Dewey Decimal Classification
Koha item type Book
Holdings
Withdrawn status Lost status Source of classification or shelving scheme Damaged status Not for loan Collection code Home library Current library Shelving location Date acquired Source of acquisition Cost, normal purchase price Total Checkouts Full call number Barcode Date last seen Price effective from Koha item type
    Dewey Decimal Classification     Others St Aloysius Library St Aloysius Library   02/17/2021 Athree Book Centre, Mangalore-01. 100.00   792.028092K RANG 059010 02/17/2021 02/17/2021 Book